Dve percentá nádeje

Čo je charita. Charitatívne organizácie pôsobiace na Slovensku. Získavanie finančných zdrojov na činnosť. Základné právne formy neziskového sektora.

Salvato in:
Dettagli Bibliografici
Autore principale: Fričová, Lucia
Natura: Capitolo di libro
Lingua:slovacco
Soggetti:
Tags: Aggiungi Tag
Nessun Tag, puoi essere il primo ad aggiungerne!!

MARC

LEADER 00000naa a2200000 4500
001 0149049
005 20231113071439.7
041 0 |a slo 
044 |a SK 
245 1 0 |a Dve percentá nádeje  |c Lucia Fričová 
520 |a Čo je charita. Charitatívne organizácie pôsobiace na Slovensku. Získavanie finančných zdrojov na činnosť. Základné právne formy neziskového sektora. 
610 2 0 |a organizácie neziskové 
610 2 0 |a nadácie 
610 2 0 |a sektor terciárny 
610 2 0 |a združenia občianske 
610 2 0 |a financovanie 
610 2 0 |a financie 
100 1 |a Fričová, Lucia